[Event "GAMMA Reykjavik Open 2019"]
[Site "Reykjavik"]
[Date "2019.04.11"]
[Round "5.9"]
[White "Petrosian, Tigran L."]
[Black "Loiseau, Quentin"]
[Result "1/2-1/2"]
[WhiteElo "2605"]
[BlackElo "2461"]
[Annotator "TA"]
[PlyCount "104"]
[EventDate "2019.04.04"]
[EventType "swiss"]
[EventCountry "ISL"]
[SourceTitle "playchess.com"]
[Source "ChessBase"]
[SourceQuality "1"]

{[%evp 26,104,6,9,14,0,0,0,0,0,0,0,0,0,0,0,0,0,0,0,0,0,2,2,13,0,0,0,0,0,0,0,0,0,0,0,0,0,0,0,0,0,6,0,0,0,0,0,0,0,0,0,0,0,0,0,0,0,0,0,0,0,0,0,0,0,0,0,0,0,0,0,0,0,0,0,0,0,0,0,0]} 1. Nf3 d5 2. g3 g6 3. c4 c6 4. cxd5 cxd5 5. d4 Bg7 6. Nc3 Nc6 7. Bf4 Nf6 8. Ne5 Nd7 9. Nf3 Nf6 10. Bg2 Ne4 11. O-O O-O 12. Rc1 Bf5 13. Ne5 {D79: Fianchetto Grünfeld: Symmetrical Variation (6 0-0 c6 7 cxd5 cxd5)} Nxc3 14. Rxc3 {LiveBook: 4 Games. The position is equal.} Qb6 {[#]} 15. Nxc6 $146 ({Predecessor:} 15. Bxd5 Qxb2 16. Nxc6 bxc6 17. Rxc6 Rad8 18. Qb3 Bxd4 19. Bh6 Qxb3 20. Bxb3 Rfe8 21. Rd1 Bb6 22. Rxd8 Rxd8 {½-½ (20) Nielsen,P (2635)-Svidler,P (2736) Germany 2019}) 15... bxc6 16. e3 Qxb2 17. Rxc6 Qxa2 18. Qa1 Qxa1 19. Rxa1 e6 20. Rca6 Bd3 21. R6a3 Bb5 22. Bf1 Bxf1 23. Kxf1 Rfc8 24. g4 h6 25. Ra6 g5 26. Bg3 Bf6 27. Kg2 Kg7 28. Bd6 Rc2 29. Rb1 Kg6 30. Rb7 Kg7 31. Bc5 Kg6 32. h3 Bg7 33. Kf3 Bf8 34. Bxf8 Rxf8 35. Raxa7 $11 {[%mdl 4096] Endgame KRR-KRR} Kf6 36. Rd7 Rb2 37. Kg3 Re2 38. Ra6 Rb8 $1 39. Raa7 Rf8 40. Ra6 Rb8 $1 41. Rxd5 {Rd7 is the strong threat.} Kg7 $1 42. Rd7 {Black must now prevent d5.} Rbb2 43. Rxe6 Rxf2 44. Re5 Rh2 45. Rf5 Rbg2+ 46. Kf3 Rf2+ 47. Ke4 Rxf5 48. Kxf5 Rxh3 49. Re7 Rf3+ 50. Ke4 Rg3 51. Kf5 Rf3+ 52. Ke4 Rg3 {Precision: White = 75%, Black = 94%.} 1/2-1/2

[Event "GAMMA Reykjavik Open 2019"]
[Site "Reykjavik"]
[Date "2019.04.11"]
[Round "5.10"]
[White "Van Foreest, Jorden"]
[Black "Kevlishvili, Robby"]
[Result "1-0"]
[WhiteElo "2598"]
[BlackElo "2451"]
[Annotator "TA"]
[PlyCount "57"]
[EventDate "2019.04.04"]
[EventType "swiss"]
[EventCountry "ISL"]
[SourceTitle "playchess.com"]
[Source "ChessBase"]
[SourceQuality "1"]

{[%evp 14,57,26,25,33,26,27,21,47,53,61,59,77,66,162,150,164,160,162,172,379,362,365,322,381,233,224,249,440,410,753,750,739,727,766,733,706,648,618,622,804,793,1111,762,1118,1024]} 1. e4 c5 2. Nf3 d6 3. d4 cxd4 4. Nxd4 Nf6 5. Nc3 a6 6. Bd3 g6 7. f3 Bg7 8. Be3 Nc6 {B72: Sicilian Dragon: 6 Be3, lines with h3+Bc4 and sidelines} 9. Qd2 O-O 10. O-O-O Nxd4 {The position is equal.} (10... Ne5 11. Be2 b5 12. Bh6 Qa5 13. Kb1 b4 14. Nd5 Nxd5 15. exd5 Bxh6 16. Qxh6 {½-½ (45) Paravyan,D (2630)-Sjugirov,S (2677) St Petersburg 2018}) 11. Bxd4 Be6 12. Kb1 b5 13. g4 $146 ({Predecessor:} 13. h4 Re8 14. h5 Qa5 15. hxg6 fxg6 16. Qe3 {1-0 (31) Voros,J (2084)-Motuzova,M (1900) ICCF email 2009}) 13... Rb8 (13... d5 $14) 14. h4 $1 $18 b4 15. Ne2 $1 Qa5 16. b3 d5 $2 {[#]} (16... Nd7 {keeps fighting.}) 17. e5 $1 {[%cal Re5f6]} Nd7 18. Qe3 Qc7 {[%cal Rd7e5]} 19. f4 Bxg4 20. h5 Rfc8 $2 (20... Bxh5 {[#]} 21. Rxh5 $1 {[%mdl 512]} gxh5 22. Qh3 $14) ({Much weaker is} 20... gxh5 $6 21. Rdg1) (20... f5) 21. hxg6 hxg6 (21... fxg6 $142 22. Rdg1 Bxe2) 22. Rdg1 {White is clearly winning.} Bxe2 23. Qxe2 e6 24. Rh3 ({Less strong is} 24. Bxa6 Re8 $16) 24... Nc5 25. Rgh1 Nxd3 26. cxd3 Kf8 27. Rh7 Qc6 28. Qd2 Rb7 {[#]} 29. f5 $1 {[%mdl 512] Accuracy: White = 98%, Black = 26%.} 1-0

[Event "GAMMA Reykjavik Open 2019"]
[Site "Reykjavik"]
[Date "2019.04.11"]
[Round "5.11"]
[White "Fier, Alexandr"]
[Black "Korley, Kassa"]
[Result "1/2-1/2"]
[WhiteElo "2570"]
[BlackElo "2440"]
[Annotator "TA"]
[PlyCount "61"]
[EventDate "2019.04.04"]
[EventType "swiss"]
[EventCountry "ISL"]
[SourceTitle "playchess.com"]
[Source "ChessBase"]
[SourceQuality "1"]

{[%evp 17,61,1,7,-1,64,11,4,0,22,20,39,33,42,34,55,-8,-11,-24,-7,-22,-7,-39,-32,-70,-66,-82,-96,-184,-175,-174,-162,-191,-121,-119,-131,-125,0,0,0,0,0,0,0,0,0,0]} 1. Nf3 d5 2. c4 e6 3. g3 Nf6 4. Bg2 Be7 5. O-O O-O 6. d4 c6 7. Qc2 b6 8. Nbd2 Bb7 9. e4 Na6 10. e5 {E06: Closed Catalan: Early deviations} Ng4 $146 (10... Nd7 $11) ({Predecessor:} 10... Nd7 11. a3 c5 12. dxc5 Naxc5 13. b4 Ne4 14. Bb2 Nxd2 15. Nxd2 Qc7 16. Rfc1 Rac8 17. Qa4 Bc6 18. Qb3 d4 19. Bxc6 Qxc6 20. Bxd4 {1-0 (53) Gledura,B (2621)-Lenderman,A (2626) Saint Louis 2018}) 11. Nb1 ({White should play} 11. Rd1 $14) 11... Nb4 $11 12. Qe2 dxc4 {...c5 is the strong threat.} 13. h3 Nh6 14. Bxh6 gxh6 15. Nbd2 b5 {[%cal Bb6b5,Bb5c4,Bc4c3][%mdl 32]} 16. Ne4 (16. a3 $1 $14 Nd5 17. Ne4) 16... c5 $36 {[%mdl 2048] Black is pushing.} 17. Rad1 Bxe4 18. Qxe4 Nd3 19. b3 Rc8 20. bxc4 bxc4 21. Nd2 Nb2 22. Rb1 (22. Nxc4 $17 {is a better defense.} Nxd1 23. Rxd1 cxd4 24. Rxd4) 22... c3 $19 23. d5 exd5 (23... cxd2 24. Rxb2 exd5 25. Qf5 $11) 24. Qf5 {[#] Black must now prevent Ne4.} Kg7 ({Worse is} 24... cxd2 25. Rxb2 Rc7 26. Rxd2 $11) (24... Rb8 $1 $19 25. Ne4 c2) 25. Ne4 $17 dxe4 26. Bxe4 {[%csl Ge4][%cal Rf5h7]} Rg8 ({Better is} 26... Rh8 $17 27. Rfc1 Qd4) 27. Qxh7+ $11 {The position is equal.} Kf8 28. Qxh6+ Rg7 $1 {[#] And now ...Qd4 would win.} 29. Qh8+ Rg8 30. Qh6+ Rg7 $1 {aiming for ...Qd4.} 31. Qh8+ {Accuracy: White = 34%, Black = 65%.} 1/2-1/2

[Event "GAMMA Reykjavik Open 2019"]
[Site "Reykjavik"]
[Date "2019.04.11"]
[Round "5.12"]
[White "Brunello, Sabino"]
[Black "Astaneh Lopez, Alex"]
[Result "1/2-1/2"]
[WhiteElo "2534"]
[BlackElo "2427"]
[Annotator "TA"]
[PlyCount "107"]
[EventDate "2019.04.04"]
[EventType "swiss"]
[EventCountry "ISL"]
[SourceTitle "playchess.com"]
[Source "ChessBase"]
[SourceQuality "1"]

{[%evp 22,107,34,26,58,0,13,0,0,0,8,-8,4,0,0,0,0,0,97,91,97,82,120,126,120,0,131,130,148,139,147,147,147,142,142,139,147,144,147,142,162,162,155,155,188,194,190,197,187,193,175,165,127,128,120,120,117,97,99,107,79,0,0,0,0,0,0,0,0,0,0,0,0,0,0,0,8,8,8,8,8,0,0,0,0,0,0,0]} 1. d4 Nf6 2. c4 e6 3. Nf3 b6 4. g3 Bb7 5. Bg2 Be7 6. O-O O-O 7. Nc3 Ne4 8. Bd2 Bf6 9. Qc2 Nxd2 10. Qxd2 d6 11. Rad1 Nd7 12. e4 e5 {E18: Queen's Indian: Old Main Line (4 g3 Bb7 5 Bg2 Be7 6 0-0 0-0 7 Nc3)} 13. d5 a5 14. h4 Nc5 $146 ({Predecessor:} 14... g6 15. h5 Bg7 16. Bh3 Nf6 17. hxg6 hxg6 18. Kg2 Ba6 19. Qe2 Bh6 {½-½ (74) Rustemov,A (2604)-Li,W (2497) Seville 2003}) 15. Bh3 g6 16. h5 Bc8 17. Bxc8 Qxc8 18. Kg2 Qg4 {[%mdl 64] Double Attack} 19. Rde1 Qxh5 (19... Be7 $11 {remains equal.}) 20. Rh1 $16 Qg4 21. Qh6 $36 {[%csl Gh1][%cal Rh6h7][%mdl 2048] Black is under strong pressure.} Rfc8 {and if ...Nd3 works, Black does fine.} 22. Re3 ({Reject} 22. Qxh7+ $6 Kf8 $11) 22... Nd7 23. Qxh7+ Kf8 24. Nh2 $1 {[%cal Rh2g4]} Qg5 {[#]} 25. Qh3 $1 Ke7 26. Nf3 Qh5 27. Qxh5 gxh5 28. Rxh5 Rh8 29. Rxh8 Rxh8 30. Re1 Nc5 31. Rd1 Bg7 32. Ne1 f5 33. exf5 e4 34. Nc2 Bxc3 35. bxc3 $18 {[%mdl 4096] Endgame KRN-KRN} Kf6 36. Nd4 Nd3 37. f3 exf3+ 38. Nxf3 Nb2 39. Rd4 Kxf5 {[#]} 40. g4+ $1 Kg6 41. Kg3 (41. Re4 $16) 41... Re8 $11 {The position is equal.} 42. g5 Re3 43. Kg4 {aiming for Nh4+.} Rxc3 44. Nh4+ Kg7 $1 45. Kh5 Nxc4 46. Nf5+ Kg8 47. g6 {Hoping for Rh4.} Ne5 48. Kg5 Rg3+ ({Not} 48... Nf3+ 49. Kf6 Re3 50. Nh6+ Kf8 51. g7+ Ke8 52. g8=Q+ Kd7 53. Qg4+ Kd8 54. Nf7+ Ke8 55. Qc8#) 49. Nxg3 {Intending Rf4 and mate.} Nf3+ {[%mdl 64] Double Attack} 50. Kf6 {Threatening mate with Nf5!} Nxd4 51. g7 b5 52. Kg6 {White wants to mate with Ne4.} Nf3 $1 53. Nf5 {[%cal Rf5h6]} Ne5+ 54. Kf6 {Accuracy: White = 78%, Black = 51%.} 1/2-1/2

[Event "GAMMA Reykjavik Open 2019"]
[Site "Reykjavik"]
[Date "2019.04.11"]
[Round "5.13"]
[White "Hjartarson, Johann"]
[Black "Yoo, Christopher Woojin"]
[Result "1/2-1/2"]
[WhiteElo "2520"]
[BlackElo "2414"]
[Annotator "TA"]
[PlyCount "87"]
[EventDate "2019.04.04"]
[EventType "swiss"]
[EventCountry "ISL"]
[SourceTitle "playchess.com"]
[Source "ChessBase"]
[SourceQuality "1"]

{[%evp 29,87,53,60,45,63,17,20,29,49,38,54,31,38,20,15,0,43,34,65,-21,-40,-66,-29,-56,-47,-53,-41,-39,-27,-34,-36,-39,-49,-36,21,36,45,39,71,0,0,0,0,-23,0,0,0,0,0,0,0,0,0,0,0,0,0,0,0,0]} 1. c4 Nf6 2. Nc3 g6 3. e4 d6 4. d4 Bg7 5. Nf3 O-O 6. Be2 e5 7. O-O Nc6 8. d5 Ne7 9. Ne1 Nd7 10. Be3 f5 11. f3 f4 12. Bf2 g5 13. Rc1 Ng6 14. Nd3 Nf6 15. c5 Rf7 16. a4 {E99: King's Indian: Classical Main Line: 9 Ne1 Nd7 10 f3 f5} (16. Kh1 Bf8 17. Rg1 Rg7 18. b4 h5 19. Qd2 g4 20. g3 fxg3 21. Rxg3 a5 22. a3 axb4 23. axb4 c6 24. dxc6 bxc6 25. cxd6 Qxd6 {½-½ (41) Lenderman,A (2599)-Nakamura,H (2787) Saint Louis 2018}) 16... h5 17. Nb5 a6 18. Na3 Bf8 19. cxd6 $146 ({Predecessor:} 19. Nc4 g4 20. cxd6 Bxd6 21. Qb3 {½-½ (62) Aragon Gutierrez,A (1806)-Rottenwohrer Suarez,J (1640) Madrid 2015}) 19... Bxd6 20. Nc5 Qe7 21. Ne6 Bxe6 22. dxe6 Rg7 23. Qb3 b6 24. h3 (24. Rc6 $14) 24... Kh8 $11 25. Rc3 Rag8 26. Qc2 Nf8 27. Nc4 Nxe6 28. Nxd6 cxd6 29. Bxb6 g4 30. hxg4 hxg4 31. fxg4 Rh7 (31... Nxg4 $15 32. Rh3+ (32. Bxa6 $2 Qh4 $19) 32... Rh7 33. Bxg4 Rxg4) 32. Rc8 $1 (32. Bxa6 $2 Nxg4 33. Rff3 Ne3 $1 $17 {[%mdl 512]}) 32... Rhg7 33. Rxg8+ (33. Bxa6 Nxg4 34. Be2 Ne3 $11) 33... Rxg8 {[#]} 34. Rc1 ({Don't play} 34. Bxa6 Nxg4 35. Qb3 Qh4 $17) ({Better is} 34. Rf3 $1 $16) 34... Nxg4 35. Bxg4 Rxg4 36. Qe2 Qh4 {Strongly threatening ...Ng5.} 37. Rc3 $1 {[#]The position is equal.} ({Don't blunder} 37. Qxa6 $2 f3 $19) 37... f3 $1 {[%mdl 512]} 38. Qxf3 {Bf2 is the strong threat.} (38. Rxf3 Nf4) 38... Nf4 {White must now prevent ...Qe1+.} 39. Bf2 Qh5 40. Rc8+ $1 Kh7 41. Rc7+ $1 Kh8 42. Rc8+ $1 Kh7 43. Rc7+ $1 Kh8 44. Rc8+ $1 {Accuracy: White = 53%, Black = 67%.} 1/2-1/2

[Event "GAMMA Reykjavik Open 2019"]
[Site "Reykjavik"]
[Date "2019.04.11"]
[Round "5.14"]
[White "Eggleston, David J"]
[Black "Kanarek, Marcel"]
[Result "1-0"]
[WhiteElo "2401"]
[BlackElo "2505"]
[Annotator "TA"]
[PlyCount "65"]
[EventDate "2019.04.04"]
[EventType "swiss"]
[EventCountry "ISL"]
[SourceTitle "playchess.com"]
[Source "ChessBase"]
[SourceQuality "1"]

{[%evp 13,65,20,29,21,25,20,31,31,21,21,49,20,20,8,23,12,18,0,0,0,0,0,0,0,0,-34,-35,-41,-27,-107,-112,-158,247,233,249,257,254,233,232,177,196,210,225,220,325,302,2223,2043,2037,1960,29992,29993,29993,29994]} 1. e4 c5 2. Nf3 d6 3. d4 cxd4 4. Nxd4 Nf6 5. Nc3 a6 6. h3 g6 7. g4 Bg7 8. Be3 {B90: Sicilian Najdorf: Unusual White 6th moves, 6 Be3 Ng4 and 6 Be3 e5} O-O 9. Bg2 Nc6 10. Qd2 {White is slightly better.} Nxd4 11. Bxd4 b5 {[%cal Bb7b5,Bb5b4][%mdl 32]} 12. g5 (12. Bxf6 $5 exf6 13. O-O-O $14) 12... Nh5 13. Bxg7 Nxg7 {[#]} 14. O-O-O $146 ({Predecessor:} 14. e5 Ra7 15. O-O-O Bf5 16. exd6 {1-0 (57) Sutovsky,E (2622)-Baghdasaryan,V (2441) Tbilisi 2016}) 14... Bb7 15. f4 b4 16. Nd5 Bxd5 17. exd5 Qb6 18. h4 Rfc8 19. Bh3 Rc4 20. Kb1 Nh5 21. Bg4 (21. f5 $11) 21... Ng3 $1 $17 {[%cal Rg3h1]} ({And not} 21... Nxf4 22. b3 $14) 22. Be2 {[#]} Rxf4 $2 (22... Ne4 $1 $17 {[%cal Re4d2] keeps the pressure on.} 23. Qc1 Rd4) 23. Qxf4 $18 Nxe2 24. Qc4 Ng3 {[#]} 25. Rh3 $1 {[%cal Rh3g3]} Nh5 26. Rf3 $36 {[%mdl 2048] Black is under strong pressure.} Ng7 27. Rdf1 Nf5 {[#]} 28. h5 $1 {[%mdl 512]} Ne3 {[#]} (28... a5 $142 29. hxg6 fxg6) (28... gxh5 29. Rxf5) 29. Qf4 $1 {[%mdl 576] Double Attack} Nxf1 $2 (29... Nf5 30. Rh1 Qb7 31. hxg6 fxg6) 30. Qxf7+ {[%mdl 64] Double Attack} Kh8 31. Rxf1 Rg8 32. hxg6 Rxg6 33. Rh1 {Accuracy: White = 64%, Black = 63%.} 1-0

[Event "GAMMA Reykjavik Open 2019"]
[Site "Reykjavik"]
[Date "2019.04.11"]
[Round "5.15"]
[White "Tang, Andrew"]
[Black "Sarkar, Justin"]
[Result "1/2-1/2"]
[WhiteElo "2501"]
[BlackElo "2337"]
[Annotator "TA"]
[PlyCount "104"]
[EventDate "2019.04.04"]
[EventType "swiss"]
[EventCountry "ISL"]
[SourceTitle "playchess.com"]
[Source "ChessBase"]
[SourceQuality "1"]

{[%evp 9,104,-9,30,-14,0,0,0,0,0,0,-25,-10,17,5,0,-41,-37,-28,-25,-26,-30,-45,27,21,31,32,46,17,87,79,106,98,103,83,96,38,40,0,42,51,86,81,81,68,84,80,89,94,95,105,99,91,94,42,53,45,56,14,52,0,0,-64,-59,-64,-58,-57,-28,-70,-67,-60,0,0,0,0,0,0,0,0,0,0,0,0,0,0,0,0,0,0,0,0,0,0,0,0,0,0,0]} 1. d4 Nf6 {[%cal Bg8f6,Bf6h5,Bh5g7,Bg7f5][%mdl 32]} 2. Bf4 d5 3. e3 c5 4. Nf3 Nc6 5. Nbd2 (5. c3 Qb6 6. Qc2 g6 7. Nbd2 Bg7 8. h3 O-O 9. Be2 Nd7 10. O-O e5 11. dxe5 Ndxe5 12. Nxe5 Nxe5 13. e4 dxe4 14. Nxe4 {½-½ (23) Laznicka,V (2668)-Nisipeanu,L (2674) Germany 2019}) 5... Nh5 {LiveBook: 13 Games} 6. Bg5 {D02: 1 d4 d5 2 Nf3 sidelines, including 2...Nf6 3 g3 and 2...Nf6 3 Bf4} h6 7. Bh4 g5 8. Ne5 Nxe5 9. dxe5 Ng7 10. Bg3 Nf5 11. Qf3 $146 ({Predecessor:} 11. Qh5 e6 12. e4 Nxg3 13. hxg3 {1-0 (24) Tomic,A (2347)-Mehmed,E (1973) Paracin 2018}) 11... Bg7 12. Bb5+ Kf8 13. Bd3 $1 {[%cal Rd3f5]} Nxg3 14. Qxg3 c4 15. Be2 c3 (15... Bf5 $15 16. e4 dxe4 17. Nxc4 Qc7) 16. bxc3 $11 Qc7 17. f4 $1 Qxc3 18. Rd1 Bf5 {[#]} (18... h5 $11 {keeps the balance.}) 19. O-O $1 $16 gxf4 20. Qxf4 e6 21. Bd3 Qxe5 22. Qb4+ (22. Qxe5 $16 Bxe5 23. Bxf5 exf5 24. Rxf5) 22... Kg8 $14 23. Qxb7 Qxe3+ 24. Kh1 Rd8 {[%cal Ba8d8,Bd8d7,Bd7c7,Bc7c2,Bc2a2,Ba2a4,Ba4h4][%mdl 32]} 25. Bxf5 exf5 26. Rxf5 Qe6 27. Rdf1 {[%cal Rf5f7]} Rd7 28. Qb5 Rc7 29. Qb8+ Qc8 30. Qb3 Qe6 31. Qg3 (31. Rxd5 $16 {Qb8+ is the strong threat.} Kh7 32. c4) 31... Rxc2 32. Rf6 Qe7 33. Nb3 Rxa2 (33... Qc7 $5 {[%cal Rc7g3]} 34. R6f4 Rc4 $14) 34. h4 ({White should try} 34. h3 $14) 34... Ra4 $1 $11 {And now ...Kh7 would win.} 35. h5 (35. Kg1 $11) 35... Kh7 $1 $15 36. Rxf7 {[%csl Gf7][%cal Rg3g7] [#]} Qh4+ 37. Qxh4 Rxh4+ 38. Kg1 Rb8 39. Nc5 Kg8 (39... Re8 $1 $15 40. Nb3 Rxh5 41. Rxa7 Kg8) 40. Ne6 $11 {The position is equal.} Bd4+ 41. Nxd4 Rxd4 {[%mdl 4096] Endgame KRR-KRR} 42. R7f6 Rg4 43. Rxh6 Rb2 44. Rf2 Rxf2 45. Kxf2 {KR-KR} Kg7 46. Ra6 {Strongly threatening Kf3.} Rg5 47. h6+ Kh7 48. Kf3 Rg6 49. Rxa7+ Kxh6 50. Rd7 Rf6+ 51. Ke3 Re6+ 52. Kf4 Rf6+ {Precision: White = 63%, Black = 65%.} 1/2-1/2

[Event "GAMMA Reykjavik Open 2019"]
[Site "Reykjavik"]
[Date "2019.04.11"]
[Round "5.16"]
[White "Tania, Sachdev"]
[Black "Salomon, Johan"]
[Result "1/2-1/2"]
[WhiteElo "2397"]
[BlackElo "2495"]
[Annotator "TA"]
[PlyCount "61"]
[EventDate "2019.04.04"]
[EventType "swiss"]
[EventCountry "ISL"]
[SourceTitle "playchess.com"]
[Source "ChessBase"]
[SourceQuality "1"]

{[%evp 12,61,-3,-16,0,-5,0,-13,-18,-26,-29,-57,-64,-48,-25,-25,-21,-21,-22,-17,-15,-21,-23,-21,-14,-29,0,-31,0,0,7,4,33,32,36,35,33,0,0,-8,-8,-8,0,0,0,0,0,0,0,0,0,0]} 1. d4 Nf6 2. c4 e6 3. Nf3 d5 4. Nc3 c6 5. g3 dxc4 6. Bg2 b5 7. Ne5 a6 {E04: Open Catalan: 5 Nf3} 8. a4 {[#] Strongly threatening axb5.} Bb7 $1 9. O-O Qc8 10. Bg5 (10. e4 Nbd7 11. f4 Be7 12. f5 exf5 13. Rxf5 b4 14. Nxd7 Nxd7 15. Nb1 O-O 16. a5 {0-1 (34) Piorun,K (2631)-Duda,J (2731) Poland 2018}) 10... Nbd7 11. Bxf6 Nxf6 12. e3 Bd6 13. b3 cxb3 14. Qxb3 {[%cal Ra4b5]} O-O 15. Nd3 {[#]} b4 $146 {[%mdl 512]} 16. Ne4 (16. Nxb4 c5) 16... Nxe4 17. Bxe4 a5 18. Rfc1 h6 19. Ra2 Qd7 20. Rac2 Rac8 21. Nc5 Qe7 (21... Bxc5 {feels hotter.} 22. Rxc5 Qd8 23. h4 Re8 24. Bb1 g6) 22. Nxb7 Qxb7 23. Rxc6 Qd7 24. Rxc8 Rxc8 {The position is equal.} 25. Rxc8+ Qxc8 26. Qc2 (26. Bc2 {keeps more tension.} g6 27. Qd3 Kg7 28. h4 h5 29. Bb3) 26... Qxc2 (26... Qb8 {is more complex.} 27. Qb3 h5 28. Bc2 g6 29. Kf1 Qc7) 27. Bxc2 Kf8 28. Kf1 Ke7 29. Ke2 Bc7 30. Kd3 Kd6 31. Ke4 {Accuracy: White = 54%, Black = 56%.} 1/2-1/2

[Event "GAMMA Reykjavik Open 2019"]
[Site "Reykjavik"]
[Date "2019.04.11"]
[Round "5.17"]
[White "Borocz, Istvan"]
[Black "Libiszewski, Fabien"]
[Result "0-1"]
[WhiteElo "2350"]
[BlackElo "2488"]
[Annotator "TA"]
[PlyCount "110"]
[EventDate "2019.04.04"]
[EventType "swiss"]
[EventCountry "ISL"]
[SourceTitle "playchess.com"]
[Source "ChessBase"]
[SourceQuality "1"]

{[%evp 18,110,47,20,35,22,42,39,47,-14,-10,-15,-10,-12,-10,-19,0,0,0,0,6,0,6,6,8,4,5,0,0,0,47,-29,-24,-70,-57,-82,-83,-124,-130,-126,-127,-162,-139,-258,-199,-360,-183,-194,-202,-204,-204,-194,-198,-197,-202,-484,-484,-451,-449,-537,-533,-609,-602,-531,-402,-406,-399,-384,-339,-364,-326,-333,-210,-209,-205,-270,-251,-262,-269,-264,-245,-489,-489,-490,-458,-447,-440,-1010,-938,-1452,-1323,-29965,-29962,-29990,-29991]} 1. d4 Nf6 2. c4 g6 3. Nc3 Bg7 4. e4 d6 5. Bd3 O-O 6. Nge2 Nc6 7. O-O Nd7 8. Be3 e5 9. d5 Nd4 10. Nb5 Nxe2+ {E70: King's Indian: Miscellaneous lines with 4 e4, including 5 Nge2 and 5 Bd3 0-0 6 Nge2} 11. Qxe2 f5 (11... b6 12. Rac1 a6 13. Nc3 a5 14. b3 f5 15. exf5 gxf5 16. f4 exf4 17. Bxf4 Ne5 18. Qd2 {0-1 (34) Seirawan,Y (2620)-Grischuk,A (2774) Berlin 2015}) 12. exf5 gxf5 {White is slightly better.} 13. f4 {[#]} ({White should try} 13. f3 $14) 13... e4 $146 ({Predecessor:} 13... a6 14. Nc3 e4 15. Bc2 Qe7 16. Qd2 Nf6 17. Bd4 c5 18. dxc6 bxc6 {0-1 (39) Michalik,P (2508)-Vovk,Y (2514) Kozloduy 2012}) 14. Bb1 Nf6 15. h3 c5 16. a4 a6 17. Nc3 Bd7 18. a5 b5 19. axb6 $1 Qxb6 20. Ra2 Rfb8 21. Bc2 Qd8 22. Bd2 Ne8 23. Kh2 Bd4 24. Qh5 (24. g4 $14) 24... Nf6 25. Qg5+ Kh8 26. Ne2 Qe7 $1 27. Nxd4 cxd4 28. Be1 Rg8 29. Qh4 Rg6 $1 {Strongly threatening ...Rag8.} ({Much less strong is} 29... Qg7 30. Rg1 $15) 30. Ra3 (30. Bb1 $17) 30... Rag8 31. Rg3 $2 (31. Rg1) 31... d3 (31... Rxg3 $142 32. Bxg3 d3) 32. Rxg6 $19 Rxg6 33. Bxd3 exd3 34. Bc3 Kg8 $1 35. Bxf6 Qxf6 $40 {[%mdl 128] White is in trouble.} ({Resist} 35... Rxf6 36. Qg3+ Rg6 37. Qxd3 $17) 36. Qf2 $2 {[#]} (36. Qxf6 {is the only way for White.} Rxf6 37. Rd1) 36... Ba4 $1 37. Re1 Qg7 38. Rg1 Bc2 39. b4 Qc3 40. Qe3 h6 41. Qe8+ Kh7 {...d2 is the strong threat.} 42. Qf7+ Qg7 43. Qxf5 Qf6 44. Qe4 Kh8 45. c5 Rg7 46. c6 Qg6 47. f5 {[#]} ({Don't blunder} 47. Qxg6 $2 Rxg6 48. g4 d2 $19) 47... Qf6 $1 48. Rf1 Ba4 49. Rf2 $2 (49. Qc4 {was worth a try.} Qg5 50. g4) 49... Qe5+ 50. Qxe5 dxe5 {KRB-KR} 51. f6 Rf7 52. Kg3 (52. Ra2 $142 Bb5 53. Kg3) 52... e4 {And now ...e3 would win.} 53. Ra2 e3 {White must now prevent ...e2.} 54. Kf3 e2 55. Ra1 Bd1 {Accuracy: White = 38%, Black = 75%.} 0-1